| Registos Bibliográficos associados ao registo de autoridade |
|
Etiqueta de registo: 00254nam 2200025 450 001 2288400 003 http://id.bnportugal.gov.pt/bib/catbnp/2288400 010 ## $a978-989-729-260-6 021 ## $aPT$b564410/26 100 ## $a20260619d2026 m y0pory01030103ba 101 0# $apor 102 ## $aPT 105 ## $aa z 000yy 106 ## $ar 200 1# $aMonumentos vivos, óleo sagrado$epatrimónio biocultural do Mediterrâneo e da humanidade$fcoord. Francisco Dias, Fernanda Oliveira$gautores Bebiana Monteiro... [et al.] 205 ## $a1ª ed 210 #9 $a[S.l.]$cMedia XXI,$d2026 215 ## $a293 p.$cil.$d23 cm 702 #1 $96$aDias,$bFrancisco$4340$32001157 702 #1 $aOliveira,$bFernanda Maria Fernandes$4340$31360779 702 #1 $aMonteiro,$bBebiana$4070$32001160 801 #0 $aPT$bBN$gRPC 966 ## $lBN$mFGMON$x1 971 ## $cabrito$d20260619
|
|
|